Vehicle and Automotive Engineering : (Record no. 612892)

000 -LEADER
fixed length control field 00445nam a22001457a 4500
020 ## - INTERNATIONAL STANDARD BOOK NUMBER
International Standard Book Number 9783319511887
040 ## - CATALOGING SOURCE
Transcribing agency NUST
082 ## - DEWEY DECIMAL CLASSIFICATION NUMBER
Classification number 629.23
Author Mark JAR
100 ## - MAIN ENTRY--PERSONAL NAME
Personal name Jarmai,Karoly
9 (RLIN) 127876
245 ## - TITLE STATEMENT
Title Vehicle and Automotive Engineering :
Remainder of title proceedings of thye JK2016,Mislkolc, Hungary /
Statement of responsibility, etc. Karoly Jarmai
260 ## - PUBLICATION, DISTRIBUTION, ETC.
Place of publication, distribution, etc. Hungary ,
Name of publisher, distributor, etc. Springer Int,
Date of publication, distribution, etc. 2017.
300 ## - PHYSICAL DESCRIPTION
Extent 500p. ;
Other physical details Hardbinding,
Dimensions 23cm.
700 ## - ADDED ENTRY--PERSONAL NAME
Personal name Betti, Bollo
9 (RLIN) 127877
942 ## - ADDED ENTRY ELEMENTS (KOHA)
Source of classification or shelving scheme
Koha item type Book
Holdings
Withdrawn status Lost status Source of classification or shelving scheme Damaged status Not for loan Permanent Location Current Location Shelving location Date acquired Total Checkouts Full call number Barcode Date last seen Price effective from Koha item type
          School of Mechanical & Manufacturing Engineering (SMME) School of Mechanical & Manufacturing Engineering (SMME) General Stacks 02/18/2025   629.23 JAR SMME-4641 02/18/2025 02/18/2025 Book
© 2023 Central Library, National University of Sciences and Technology. All Rights Reserved.